Využitie nástrojov daňovej politiky na podporu výskumu a vývoja v podnikateľskom sektore
Teoretické vymedzenie podstaty a významu výskumu a vývoja. Súčasný stav financovania a podpory výskumu a vývoja podnikateľského sektora doma a v zahraničí. Hodnotenie využitia daňovej politiky na podporu výskumu a vývoja na Slovensku. Využitie superodpočtu výdavkov na VaV na Slovensku (2015-2021).
Saved in:
| Main Author: | |
|---|---|
| Format: | Book Chapter |
| Language: | Slovak |
| Subjects: | |
| Tags: |
No Tags, Be the first to tag this record!
|
MARC
| LEADER | 00000naa$a2200000$$$4500 | ||
|---|---|---|---|
| 001 | 0251994 | ||
| 005 | 20240502074036.6 | ||
| 041 | 0 | |a slo | |
| 044 | |a SK | ||
| 245 | 1 | 0 | |a Využitie nástrojov daňovej politiky na podporu výskumu a vývoja v podnikateľskom sektore |c Denisa Ihnatišinová |
| 520 | |a Teoretické vymedzenie podstaty a významu výskumu a vývoja. Súčasný stav financovania a podpory výskumu a vývoja podnikateľského sektora doma a v zahraničí. Hodnotenie využitia daňovej politiky na podporu výskumu a vývoja na Slovensku. Využitie superodpočtu výdavkov na VaV na Slovensku (2015-2021). | ||
| 610 | 2 | 0 | |a výskum |
| 610 | 2 | 0 | |a vývoj |
| 610 | 2 | 0 | |a financie |
| 610 | 2 | 0 | |a financovanie |
| 610 | 2 | 0 | |a dane |
| 610 | 2 | 0 | |a odpočet dane |
| 610 | 2 | 0 | |a politika daňová |
| 610 | 2 | 0 | |a stimuly ekonomické |
| 610 | 2 | 0 | |a podpora štátna |
| 610 | 2 | 0 | |a inovácia |
| 610 | 2 | 0 | |a podnikanie |
| 610 | 2 | 0 | |a podnikatelia |
| 610 | 2 | 0 | |a Slovensko |
| 610 | 2 | 0 | |a Európska únia |
| 100 | 1 | |a Ihnatišinová, Denisa, 1983- | |